01056nam a2200265 a 450000100100000000500170001000800410002704000250006804100380009308200170013110000260014824000590017424501070023326000360034030000290037649000420040550400320044750000180047953400680049770000340056583000500059904900090064995201150065899900170077300002517720200930023617.0110208s1967 ve b r 000 |aspa d aDO-SdBNPbspacBNPHU afrehspa2Código de idioma MARC axxxbB578ó1 aBianco, Lucien951656 0aLes origines de la révolution chinoise ..lEspañol14aLos orígenes de la revolución china :b1915-1949 /cLucien Bianco ; traducción Martín Sagrera. aCaracas :bTiempo Nuevo,c1967. a313 p. :bmaps ;c18 cm. aLibros de Bolsillo de Tiempo Nuevov4 aBibliografía : p. 303-313 aIncluye notas aTítulo original :tLes origines de la révolution chinoise .1 aSagrera, Martínetr.920801 0aLibros de Bolsillo de Tiempo Nuevo ,v494730 aBNGR 001050718MOaGRbGRcCTd2011-02-10iLF1l0oxxx B578óp25177-10r2020-06-25w2020-06-25y1ZNo se presta c24670d24670